Export Pricing Behavior of Manufactuting : U.S.-Japan Comparison.

Using domestic and export price data and a framework of markup over cost, pricing behavior of U.S. and Japanese manufacturers is compared. Major export industries in Japan have higher productivity growth and lower pass-through coefficients than American exporters, who tend to price to domestic cost....

Täydet tiedot

Bibliografiset tiedot
Yhteisötekijä: International Monetary Fund
Aineistotyyppi: Aikakauslehti
Kieli:English
Julkaistu: Washington, D.C. : International Monetary Fund, 1988.
Sarja:IMF Working Papers; Working Paper ; No. 1988/078
Linkit:Full text available on IMF
LEADER 01541cas a2200241 a 4500
001 AALejournalIMF010016
008 230101c9999 xx r poo 0 0eng d
020 |c 5.00 USD 
020 |z 9781451955996 
022 |a 1018-5941 
040 |a BD-DhAAL  |c BD-DhAAL 
110 2 |a International Monetary Fund. 
245 1 0 |a Export Pricing Behavior of Manufactuting :   |b U.S.-Japan Comparison. 
264 1 |a Washington, D.C. :  |b International Monetary Fund,  |c 1988. 
300 |a 1 online resource (52 pages) 
490 1 |a IMF Working Papers 
500 |a <strong>Off-Campus Access:</strong> No User ID or Password Required 
500 |a <strong>On-Campus Access:</strong> No User ID or Password Required 
506 |a Electronic access restricted to authorized BRAC University faculty, staff and students 
520 3 |a Using domestic and export price data and a framework of markup over cost, pricing behavior of U.S. and Japanese manufacturers is compared. Major export industries in Japan have higher productivity growth and lower pass-through coefficients than American exporters, who tend to price to domestic cost. Japanese firms seem to price discriminate between domestic, and export markets. Other related issues, including nonlinearity in pass-through and sectoral differences in productivity, are also examined. 
538 |a Mode of access: Internet 
830 0 |a IMF Working Papers; Working Paper ;  |v No. 1988/078 
856 4 0 |z Full text available on IMF  |u http://elibrary.imf.org/view/journals/001/1988/078/001.1988.issue-078-en.xml  |z IMF e-Library